000
00274nam a2200121 a 4500
001
4140
005
20140414131928.0
008
090218s19uu xx 00 eng d
050
_a
ER
_b
Sp6 1985
100
_a
Hill, Eric
245
_a
Spot goes to the beach.
999
_c
112119
_d
112119